| 000 | 00885nam a2200241Ia 4500 | ||
|---|---|---|---|
| 008 | 130821s1995 ck gr spa | ||
| 020 | _a9583303135 | ||
| 040 |
_aCo-BoUCM _bspa |
||
| 041 | _aspa | ||
| 100 | 1 |
_aCalderon Llanten, Carlos Eduardo _9156280 |
|
| 245 | 1 | 0 |
_aSalud ambiental y desarrollo _cCarlos Eduardo Calderón Llanten ; Fernando romero Loaiza ; Luis Enrique Gómez Blanco |
| 260 |
_aBogotá (Cundinamarca, Colombia) _bEcosolar _c1995 |
||
| 300 | _a380 páginas | ||
| 504 | _aIncluye índice y bibliografía al final de cada capítulo | ||
| 650 | 0 | 4 |
_aAdministración pública _9355 |
| 650 | 0 | 4 |
_aContaminación _911756 |
| 650 | 0 | 4 |
_aContaminación _zColombia _911756 |
| 650 | 0 | 4 |
_aMedio ambiente _919225 |
| 650 | 0 | 4 |
_aPlaguicidas _921602 |
| 650 | 0 | 4 |
_914660 _aEpidemiología |
| 942 |
_cLIBRO _a16 _e1 _mC15 _2DEWEY _h363.73 |
||
| 999 |
_c18250 _d18250 |
||